[Event "Lugano op 15th"]
[Site "Lugano"]
[Date "2012.11.03"]
[Round "5"]
[White "Falasca, Marco"]
[Black "Huber, Ruth"]
[Result "1-0"]
[WhiteElo "1614"]
[BlackElo "1681"]
[PlyCount "87"]
[EventDate "2012.11.01"]
[EventType "swiss"]
[EventRounds "7"]
[EventCountry "SUI"]
[SourceTitle "EXT 2013"]
[Source "ChessBase"]
[SourceDate "2012.11.22"]
[SourceVersion "1"]
[SourceVersionDate "2012.11.22"]
[SourceQuality "1"]

1. Nf3 Nf6 2. d4 c5 3. e3 g6 4. c4 cxd4 5. exd4 d6 6. Nc3 Bg7 7. Be2 0-0 8. 0-0 Nbd7 9. Be3 Ng4 10. Bd2 Ngf6 11. Qc1 Nb6 12. Bh6 Be6 13. Bxg7 Kxg7 14. b3 a6 15. d5 Bg4 16. h3 Bxf3 17. Bxf3 Nbd7 18. Qb2 Kg8 19. Rac1 Nc5 20. Rfe1 Ncd7 21. b4 Ne5 22. Be2 b6 23. f4 Ned7 24. Bd3 Rb8 25. a3 Nh5 26. Ne2 Rc8 27. f5 Ne5 28. fxg6 fxg6 29. Be4 Rxc4 30. Rxc4 Nxc4 31. Qc3 b5 32. Nd4 Qb6 33. Kh2 Rf4 34. Bf3 Rf6 35. Bxh5 gxh5 36. Qg3+ Rg6 37. Qh4 Ne3 38. Rg1 Qa7 39. Nc6 Nf5 40. Qxh5 Qf2 41. Qxf5 Qg3+ 42. Kh1 Qg5 43. Qc8+ Kg7 44. Qd7 1-0